Revolutionary wealth

Bibliographic Details
Main Author: Toffler, Alvin
Other Authors: Toffler, Heidi
Format: Book
Published: New York : A Currency Book Publisher by Doubleday , 2006
Edition:1st ed.
Subjects:

MARC

LEADER 00000cam a2200000 7i4500
001 0000024198
005 20100722.0
008 081204
020 |a 0385522076 
090 0 0 |a 339   |b TOF 
100 1 |a Toffler, Alvin 
245 1 0 |a Revolutionary wealth   |c Alvin Toffler   |f Heidi Toffler 
250 |a 1st ed. 
260 |a New York :   |b A Currency Book Publisher by Doubleday ,   |c 2006 
650 0 |a Economic forecasting 
650 0 |a Economic   |x Histor   |x 1945 
650 0 |a Social change 
650 0 |a Social prodiction 
650 0 |a Social   |x history   |x 1945 
650 0 |a Wealth 
700 1 |a Toffler, Heidi 
999 |a 0001022215   |b Book   |c Adult Collection   |e Perbadanan Perpustakaan Awam Johor 
999 |a 0001046490   |b Book   |c Adult Collection   |e Cawangan Segamat 
999 |a 0001046491   |b Book   |c Adult Collection   |e Perbadanan Perpustakaan Awam Johor